000
00294nam a22001097a 4500
008
230621b xxu||||| |||| 00| 0 eng d
082
_a
328.35
_b
IPC 2000
245
_a
104th Inter-Parliamentary Conference
260
_a
Geneva
_b
Inter-Parliamentary Union
_c
2000
300
_a
282p
942
_2
ddc
_c
BK
999
_c
2318
_d
2318